| 000 | 00754nam a2200253 i 4500 | ||
|---|---|---|---|
| 001 | bg | ||
| 100 | 1 | _aSCEPPA, David | |
| 245 | 0 |
_aProgramming Microsoft ADO.NET. : _b[2005 edition] / _cDavid Sceppa _n2.0 core reference. |
|
| 260 |
_aRedmond : _bMicrosoft Press, _c2006. |
||
| 300 |
_aXXII, 835 s. ; _c23 cm. |
||
| 504 | _aIndeks. | ||
| 650 | 9 | _aADO.NET | |
| 655 | _aPodręczniki | ||
| 020 | _a9780735622067 | ||
| 020 | _a073562206X | ||
| 040 | _cBPK | ||
| 041 | 0 | _aeng | |
| 080 | _a004.438(07)A/Z | ||
| 920 | _a978-0-7356-2206-7 | ||
| 920 | _a0-7356-2206-X | ||
| 942 | _cKS | ||
| 008 | s pl f |000 0 pol | ||
| 999 |
_c52590 _d52590 |
||
| 856 |
_uhttp://koha.tu.koszalin.pl/cgi-bin/koha/opac-detail.pl?biblionumber=52590 _yKatalog online BPK |
||